The Forsyte saga : the man of property, in chancery and to let

Saved in:
Bibliographic Details
Main Author Galsworthy, John, 1867-1933 (Author)
Format Book
LanguageEnglish
Published Ware: Wordsworth Editions, 2012
SeriesWordsworth classics
Subjects
ISBN9781840224382
Physical Descriptionxxx, 722 s. ; 20 cm

Cover

LEADER 00000cam a2200000 a 4500
001 69179
003 CZ-ZlUTB
005 20240829152648.0
007 ta
008 041021s2012 xxk g 000 1 eng
020 |a 9781840224382  |q (brož.) 
035 |a (OCoLC)56795337 
040 |a EOW  |b cze  |c EOW  |d BAKER  |d ABD001  |d ZLD002 
072 7 |a 821.111-3  |x Anglická próza, anglicky psaná  |2 Konspekt  |9 25 
080 |a 821.111-31  |2 MRF 
100 1 |a Galsworthy, John,  |d 1867-1933  |7 jn19990002542  |4 aut 
245 1 4 |a The Forsyte saga :  |b the man of property, in chancery and to let /  |c John Galsworthy ; introduction by Cedric Watts 
260 |a Ware:  |b Wordsworth Editions,  |c 2012 
300 |a xxx, 722 s. ;  |c 20 cm 
490 1 |a Wordsworth classics 
655 7 |a anglické romány  |7 fd131814  |2 czenas 
655 9 |a English fiction  |2 eczenas 
830 0 |a Wordsworth classics 
910 |a ZLD002 
952 |0 0  |1 0  |4 0  |6 821111GALSWORTHYJ  |7 0  |8 BOOK  |9 125626  |a UTBZL  |b UTBZL  |c 006  |d 2014-02-04  |l 2  |o 821.111/GALSWORTHY,J.  |p 420010151985  |r 2019-09-03 00:00:00  |v 169.00  |w 2019-08-26  |x N:nákup; | 20100531  |y 04 
992 |a BK  |b SK  |d 2 
998 |a 004179679 
999 |c 69179  |d 69179